000 00373nam a22001577a 4500
003 OSt
005 20240319152629.0
008 230915b |||||||| |||| 00| 0 eng d
020 _a0815345240
040 _cIIMT UNIVERSITY
100 _aALBERT, BRUCE
245 _aMOLECULAR BIOLOGY OF THE CELL
260 _aNEW YORK
_bGARLAND
_c2002
300 _a1:49
942 _2ddc
_c02
999 _c57153
_d57153